Language Quiz

Random Language or Latin Quiz
Score 0/34 Timer 02:00
0 Plays Today
% Correct
???
100%
???
100%
???
100%
???
100%
???
100%
???
100%
???
100%
???
100%
???
100%
???
100%
???
100%
???
100%
???
100%
???
100%
???
100%
???
100%
???
100%
% Correct
???
100%
???
100%
???
100%
???
100%
???
100%
???
100%
???
100%
???
75%
???
75%
???
75%
???
50%
???
50%
???
50%
???
50%
???
50%
???
50%
???
50%

You're not logged in!

Compare scores with friends on all Sporcle quizzes.
OR
Log In

Sporcle TV

Today on Sporcle TV


Watch our educational content, quiz creation guides, and fun videos on Sporcle TV.

Show Comments

Extras

Created Dec 18, 2012ReportNominate
Tags:Latin Quiz, Semester

Top Quizzes Today


Score Distribution

Paid Content

Your Account Isn't Verified!

In order to create a playlist on Sporcle, you need to verify the email address you used during registration. Go to your Sporcle Settings to finish the process.

Report this User

Report this user for behavior that violates our Community Guidelines.

Details: